HANDBOOK OF REFRIGERATING ENGINEERING (Record no. 567037)
[ view plain ]
| 000 -LEADER | |
|---|---|
| fixed length control field | 00273nam a22001217a 4500 |
| 082 ## - DEWEY DECIMAL CLASSIFICATION NUMBER | |
| Classification number | 621.564 WOO'H |
| 100 ## - MAIN ENTRY--PERSONAL NAME | |
| Personal name | WOOLRICH, W.R |
| 9 (RLIN) | 56665 |
| 245 ## - TITLE STATEMENT | |
| Title | HANDBOOK OF REFRIGERATING ENGINEERING |
| 250 ## - EDITION STATEMENT | |
| Edition statement | 4TH |
| 260 ## - PUBLICATION, DISTRIBUTION, ETC. | |
| Place of publication, distribution, etc. | USA |
| Name of publisher, distributor, etc. | AVI |
| Date of publication, distribution, etc. | 1966 |
| 300 ## - PHYSICAL DESCRIPTION | |
| Extent | XI, 434P |
| 942 ## - ADDED ENTRY ELEMENTS (KOHA) | |
| Koha item type | Book |
| Withdrawn status | Lost status | Damaged status | Not for loan | Permanent Location | Current Location | Shelving location | Date acquired | Total Checkouts | Full call number | Barcode | Date last seen | Price effective from | Koha item type |
|---|---|---|---|---|---|---|---|---|---|---|---|---|---|
| College of Electrical & Mechanical Engineering (CEME) | College of Electrical & Mechanical Engineering (CEME) | Reference | 07/12/2017 | 621.564 WOO'H | CEME-4622 | 06/28/2021 | 06/28/2021 | Book |
